000 00937nam a22003253u 4500
001 DHIM1625823186
003 RU-10907106
005 20210920203729.0
008 210709b2021 ru ||||| |||| 00| u rus d
020 _9978-5-8243-2424-2
_a9785824324242
040 _aRU-10907106
_bger
_cRU-10907106
041 _arus
245 _aAnarchistskie dviženija Rossii i Russkogo Zarubež'ja
_b dokumenty i materialy, 1922-1941 gg.
_csostavitel' D. I. Rublev
264 _aMoskva :
_bROSSPEN,
_c2021.
300 _a807 Seiten
336 _aText
336 _btxt
337 _2rdamedia
337 _aOhne Hilfsmittel zu benutzen
337 _bn
338 _2rdacarrier
338 _aBand
338 _bnc
490 _aPolitičeskie partii Rossii. Konec XIX - pervaja tret' XX veka. Dokumental'noe nasledie
648 _a1922-1941
650 _aAnarchismus
651 _aSowjetunion
655 _aQuelle
942 _2z
_cMG
999 _c56966
_d56966